|
|
|
|
| LEADER |
00000nas a2200000 a 4500 |
| 001 |
vtls009176045 |
| 003 |
SK-MaSNL |
| 005 |
20260221115034.0 |
| 008 |
080121c mr1 0 0eng d |
| 040 |
|
|
|a SNK
|b slo
|c SNK
|
| 245 |
0 |
0 |
|a Godovoj otčet Gosudarstvennoj Russkoj Gimnazii v Gumennom
|
| 260 |
|
|
|a Prjašev
|b Sv. Nikolaj
|
| 500 |
|
|
|a Popis podľa: 1944-45/1945-46
|
| 910 |
|
|
|a snk
|
| 999 |
|
|
|c 4341
|d 6271
|
| 952 |
|
|
|0 0
|1 0
|3 rekatalogizácia
|4 0
|7 0
|a SNK
|b SNK
|d 2008-01-21
|i snkVIII. 2000/47
|l 0
|o snkČSD 564/1944-45/1945-46
|p 17A0572523
|r 2026-02-21 20:28:34
|t č.1
|w 2026-02-21
|y PREZ
|
| 952 |
|
|
|0 0
|1 0
|3 rekatalogizácia
|4 0
|7 0
|8 5
|a SNK
|b SNK
|d 2008-03-03
|i snkF 3821/70
|l 0
|o snkČSD 564/1944-45/1945-46 D1
|p 17A0579912
|r 2026-02-21 20:49:10
|w 2026-02-21
|y PREZ
|